<Les> pratiques sociales des entreprises françaises à l'Est: exportatrices de practiques sociales, vecteurs de dialogue social? une analyse à la croisée de la sociologie et de l'économie
Uložené v:
| Hlavný autor: | |
|---|---|
| Ďalší autori: | , , , , , , , , , , |
| Médium: | Kniha |
| Jazyk: | French |
| Vydavateľské údaje: |
[Paris]
2007
|
| Predmet: | |
| Tagy: |
Žiadne tagy, Buďte prvý, kto otaguje tento záznam!
|
MARC
| LEADER | 00000nam$a2200000$$$4500 | ||
|---|---|---|---|
| 001 | 0108459 | ||
| 005 | 20240502083253.8 | ||
| 041 | 0 | |a fre | |
| 044 | |a FR | ||
| 245 | 1 | 0 | |a <Les> pratiques sociales des entreprises françaises à l'Est: exportatrices de practiques sociales, vecteurs de dialogue social? |b une analyse à la croisée de la sociologie et de l'économie |
| 264 | 1 | |a [Paris] |c 2007 | |
| 300 | |a 40 s. | ||
| 610 | 2 | 0 | |a dialóg sociálny |
| 610 | 2 | 0 | |a podnikanie |
| 610 | 2 | 0 | |a ekonómia |
| 610 | 2 | 0 | |a sociológia |
| 100 | 1 | |a Delteil, V. | |
| 700 | 1 | |a Berko, L. | |
| 700 | 1 | |a Dieuaide, P. | |
| 700 | 1 | |a Dujarier, M-A. | |
| 700 | 1 | |a Groux, Guy | |
| 700 | 1 | |a Koltai, J. | |
| 700 | 1 | |a Lénel, P. | |
| 700 | 1 | |a Muchová, Eva, 1961- | |
| 700 | 1 | |a Richet, Xavier | |
| 700 | 1 | |a Stegariou, I. | |
| 700 | 1 | |a Tanase, L. | |
| 700 | 1 | |a Terek, Milan | |